Sociálno-ekonomické dôsledky nelegálnej ťažby dreva a nástroje jej riešenia v EÚ

Problematika nelegálnej ťažby dreva a jej vplyv na sociálno - ekonomický rozvoj spoločnosti ako aj na globálne klimatické zmeny. Analýza existujúcich nástrojov boja proti nelegálnej ťažbe dreva v Európskej únii.

Salvato in:
Dettagli Bibliografici
Autore principale: Paluš, Hubert
Altri autori: Kaputa, Vladislav
Natura: Capitolo di libro
Lingua:slovacco
Soggetti:
Tags: Aggiungi Tag
Nessun Tag, puoi essere il primo ad aggiungerne!!

MARC

LEADER 00000nla a2200000 4500
001 0178406
005 20221020080942.5
041 0 |a slo 
044 |a SK 
245 1 0 |a Sociálno-ekonomické dôsledky nelegálnej ťažby dreva a nástroje jej riešenia v EÚ  |c Hubert Paluš, Vladislav Kaputa 
520 |a Problematika nelegálnej ťažby dreva a jej vplyv na sociálno - ekonomický rozvoj spoločnosti ako aj na globálne klimatické zmeny. Analýza existujúcich nástrojov boja proti nelegálnej ťažbe dreva v Európskej únii. 
610 2 0 |a drevo 
610 2 0 |a ťažba dreva 
610 2 0 |a objekty hospodárenia 
610 2 0 |a ochrana lesa 
610 2 0 |a ochrana prostredia životného 
610 2 0 |a rozvoj trvalo udržateľný 
100 1 |a Paluš, Hubert 
700 1 |a Kaputa, Vladislav